| 000 | 00659cam a22002293a 4500 | ||
|---|---|---|---|
| 001 | 19313 | ||
| 003 | PGUSA | ||
| 005 | 20140828083417.0 | ||
| 008 | 060919s2006||||xxu|||||s|||||000 p eng d | ||
| 040 |
_aPGUSA _beng |
||
| 042 | _adc | ||
| 050 | 4 | _aPR | |
| 100 | 1 |
_aLe Gallienne, Richard, _d1866-1947 |
|
| 245 | 1 | 4 |
_aThe Silk-Hat Soldier, and Other Poems in War Time _h[electronic resource] / _cRichard Le Gallienne |
| 260 |
_bProject Gutenberg, _c2006 |
||
| 506 | _aPublic domain in the USA. | ||
| 516 | _aElectronic text | ||
| 653 | _aWar poetry | ||
| 830 | 0 |
_aProject Gutenberg _v19313 |
|
| 856 | 4 | 0 | _uhttp://www.gutenberg.org/ebooks/19313 |
| 942 | _cEB | ||
| 999 |
_c248568 _d248568 |
||